| 000 | 00572nam a2200169 i 4500 | ||
|---|---|---|---|
| 001 | 64486 | ||
| 003 | ES-MaACL | ||
| 005 | 20230906165135.0 | ||
| 007 | t| | ||
| 008 | 031224s1946 sp ||||1| spa d | ||
| 100 | 1 |
_aFont, Lamberto. _951543 |
|
| 245 | 1 | 3 |
_aEl año litúrgico _b: explicación del gráfico de los Evangelios y fiestas / _cLamberto Font ; prólogo de José Mª Carbó. |
| 260 |
_aBarcelona : _bJ. G. Seise y Barral Hermanos, _c1946. |
||
| 300 |
_a98 p., 1 lám. ; _c24 cm. |
||
| 700 | 1 |
_aCarbó, José María. _935018 |
|
| 852 |
_aES-MaACL _jF-8246 _bR.23372 |
||
| 999 |
_c64486 _d64486 |
||